000 004850000a22001810004500
003 MACL
005 20160316123740.0
008 160316b xxu||||| |||| 00| 0 eng d
040 _aMACL
_cMACL
041 _aHindi
082 _a891.433
100 _aश्री साने गुरू जी
_946482
245 _aसती
260 _bशिवाजी प्रकाशन
_c1946
_aलखनउ
350 _a3
650 _aNovel
_946483
942 _cHIN
_k891.433
_2ddc
999 _c23471
_d23471